000 00380nam a2200157Ia 4500
003 OSt
005 20251231113402.0
008 221004b |||||||| |||| 00| 0 eng d
037 _cTextual
040 _aCRL
_cCRL
_beng
041 _2eng
_aeng
100 _aSingh Diwan
_9630392
245 0 _aGurbani Chintan
942 _cTEXL
_2cc
_n0
999 _c1040765
_d1040765